| 000 | 01324nam a2200325 a 4500 | ||
|---|---|---|---|
| 001 | BRCA_7503 | ||
| 005 | 20190320205849.0 | ||
| 008 | 020513s1928----gw-a######---#000-0#ger-# | ||
| 041 | _ager | ||
| 044 | _agw | ||
| 050 | 4 |
_aND616 _b.P48 1928 |
|
| 100 | 1 |
_aPevsner, Nikolaus _918492 |
|
| 245 | 1 | 0 |
_aBarock malerei in den Romanischen Ländern _cNikolaus Pevsner & Otto Grautoff ; begründet von Fritz Burger ; herausgegeben von A. E. Brinckmann. |
| 260 |
_aWildpark, Alemania _bAkademische Verlagsgesellschaft Athenaion _c1928 |
||
| 300 |
_a333 p. _bil. (algunas a color), 20 láminas _c29 cm. |
||
| 440 | 0 |
_aHandbuch der Kunstwissenschaft _918493 |
|
| 500 | _aIncluye índice onomástico e índice de ilustraciones | ||
| 500 | _aUn libro dividido en dos partes | ||
| 500 | _aR43 | ||
| 505 | 0 | _aContenido: v.1. Die italienische Malerei vom ende der Renaissance bis zum ausgehenden Rokoko / von Nikolaus Pevsner. -- v.2. Die Malerei im Barockzeitalter in Frankreich und Spanien / von Otto Grautoff | |
| 650 | 1 | 4 |
_aPinturas barrocas _914110 |
| 650 | 1 | 4 |
_aPintura _zItalia _918494 |
| 650 | 1 | 4 |
_aPintura _zFrancia _918495 |
| 650 | 1 | 4 |
_aPintura _zEspaña _92581 |
| 700 | 1 |
_aGrautoff, Otto _ecoaut. _918496 |
|
| 700 | 1 |
_aBurger, Fritz _918497 |
|
| 700 | 1 |
_aBrinckmann, A. E. _eed. _918498 |
|
| 902 | _aGFM | ||
| 942 |
_2lcc _cB |
||
| 999 |
_c7178 _d7178 |
||